LEADER 01643nam a22004097a 4500
001 35579
003 BD-DhAAL
005 20250820100013.0
008 191218t1999 waua|||| b||| 001 0 eng d
020 |a 0935302247 
040 |a BD-DhAAL  |c BD-DhAAL 
082 |a 370.78073 
245 |a Review of research in education.  |n Volume 24, 1999 /  |c edited by Ashgar Iran-Nejad; contributors,Gail P. Baxter ...[et..al]. 
246 |a Review of research in education 
260 |a Washington, D.C. :  |b American Educational Research Association,  |c ©1999. 
300 |a xiv, 446 pages :  |b illustrations ;  |c 24 cm. 
362 |a Vol. 24 
504 |a Includes bibliographical references and index.  
526 |a BIED 
541 |a Complimentary copy from BIED  |e 35579 
650 |a Education  |x Research  |z United States  |v Periodicals.  |9 35427 
650 |a Education  |x Research.  |9 35428 
650 |a Social science.  |9 35558 
700 |a Iran-Nejad, Ashgar.  |9 35429 
700 |a Pearson, P. David.  |9 35578 
700 |a Baxter, Gail P.  |9 35430 
700 |a Bond, Lloyd.  |9 35431 
700 |a Hattie, John.  |9 35432 
700 |a Gipps, Caroline.  |9 35433 
700 |a Dyson, Anny Haas.  |9 35434 
700 |a Berne, Jennifer.  |9 35435 
700 |a Wilson Suzamme M.  |9 35440 
710 |a American Educational Research Association,  |e issuing body.  |9 35441 
852 |a Ayesha Abed Library  
942 |2 ddc  |c BK 
999 |c 42078  |d 42078 
952 |0 0  |1 0  |2 ddc  |4 0  |6 370_780730000000000_REV  |7 0  |9 67514  |a BRACUL  |b BRACUL  |c GEN  |d 2019-12-18  |e Complimentary copy from BIED  |l 0  |o 370.78073 REV  |p 3010035579  |r 2019-12-18  |t 1  |w 2019-12-18  |y BK  |x Transferred from BIED to General Stacks